Speech and language processing: an introduction to Natural Language Processing, Computational Linguistics, and Speech Recognition
Uloženo v:
| Hlavní autoři: | , |
|---|---|
| Médium: | Kniha |
| Jazyk: | angličtina |
| Vydáno: |
Upper Saddle River
Pearson Education
2009
|
| Vydání: | 2a. ed |
| Edice: | Prentice Hall Series in Artificial Intelligence
|
| Témata: | |
| Tagy: |
Přidat tag
Žádné tagy, Buďte první, kdo vytvoří štítek k tomuto záznamu!
|
MARC
| LEADER | 00000nam a2200000 a 4500 | ||
|---|---|---|---|
| 001 | UCH9943 | ||
| 003 | CL-VaPUC | ||
| 008 | 100304e20090000us |||||||||||||||||eng|d | ||
| 020 | |a 9780131873216 | ||
| 082 | 0 | 4 | |a 410.285 |b JUR |2 21 |
| 100 | |a Jurafsky, Daniel |e author |9 547260 | ||
| 700 | |a Martin, James H |e author |9 547261 | ||
| 245 | 1 | 0 | |a Speech and language processing: an introduction to Natural Language Processing, Computational Linguistics, and Speech Recognition |
| 250 | |a 2a. ed | ||
| 300 | |a 988 p | ||
| 942 | |c BK | ||
| 945 | |d 20100304 00:00:00 |a cmena | ||
| 260 | |a Upper Saddle River |b Pearson Education |c 2009 | ||
| 650 | 7 | |a LINGUISTICA COMPUTACIONAL |2 CL-VaPUC |9 547262 | |
| 650 | 0 | |a Análisis del discurso |9 256696 | |
| 650 | 7 | |a INTELIGENCIA ARTIFICIAL |2 CL-VaPUC |9 547263 | |
| 650 | 0 | |a Programación de computadores |9 259531 | |
| 650 | 7 | |a HABLA |2 CL-VaPUC |9 311668 | |
| 583 | |a last modification |c 20171204 01:26:21 |k Rodrigo Vera | ||
| 490 | 0 | |a Prentice Hall Series in Artificial Intelligence | |
| 999 | |c 339765 |d 339763 | ||
| 952 | |0 0 |1 0 |4 0 |6 410_285000000000000_JUR_2009 |7 0 |8 A |9 433611 |a FDOPOS |b FDOPOS |d 2019-11-22 |i 4649761 |o 410.285 JUR 2009 |p 4649761 |r 2025-01-22 |w 2019-11-22 |y BK |k DLA | ||